LEADER 01105nas--2200337---4500 001 990003682490203316 005 20140113170634.0 035 $a000368249 035 $aUSA01000368249 035 $a(ALEPH)000368249USA01 035 $a000368249 100 $a20120803a19319999km-y0ITAy0103----ba 101 $aita 102 $aIT 110 $aafazz--|||| 200 1 $aAnnali del fascismo$erassegna cronistorica degli avvenimenti e provvedimenti del mese, annotata ed illustrata 207 1$aA. 1, n. 1 (gen. 1931)-a. 13, n. 5 (mag. 1943). 210 $aNapoli; Roma$cGiuseppe Rispoli$d1931-1943. 215 $avolumi$cill.$d31 cm 326 $aMensile 606 0 $aFascismo$yItalia$zPeriodici 676 $a945.0915 801 0$aIT$bsalbc$gISBD 912 $a990003682490203316 958 $aFONDO CUOMO$bXV.2.Per.48$cA.8, n.2; n.6; (1938); A.9, nn.2-3; n.6; (1939); 959 $aSE 979 $aVITTORIANA$b90$c20120803$lUSA01$h1210 979 $aVITTORIANA$b90$c20121126$lUSA01$h1137 979 $aPATRY$b90$c20140113$lUSA01$h1706 996 $aAnnali del fascismo$9801253 997 $aUNISA LEADER 02619oam 2200505 450 001 9910828200103321 005 20231130174408.0 010 $a90-04-43251-5 024 7 $a10.1163/9789004432512 035 $a(CKB)4100000011044491 035 $z(OCoLC)1151473327 035 $a(nllekb)BRILL9789004432512 035 $a(MiAaPQ)EBC6262288 035 $a(EXLCZ)994100000011044491 100 $a20201105d2020 uy 0 101 0 $aeng 135 $aurun####uuuua 181 $ctxt$2rdacontent 182 $cc$2rdamedia 183 $2rdacarrier 200 10$aCarlo Passaglia on church and virgin $enew perspectives in systematic theology in light of nineteenth century Catholic renewal /$fValfredo Maria Rossi 210 1$aLeiden ;$aBoston :$cBrill,$d[2020] 210 4$dİ2020 215 $a1 online resource 225 1 $aBrill's studies in Catholic theology ;$vVolume 8 311 0 $a90-04-42684-1 320 $aIncludes bibliographical references and index. 327 $aIntroduction Part 1. De ecclesia Christi Part 2. De Immaculato Deiparae semper Virginis conceptu 330 $aIn Carlo Passaglia on Church and Virgin, Valfredo Maria Rossi traces the significant contribution that Carlo Passaglia (1812-1887) has made to Catholic theology, paying particular attention to his Trinitarian ecclesiology and Mariology. Though highly neglected due to his troubled life, Passaglia is one of the most brilliant theologians of the nineteenth century. Commonly ? and yet erroneously ? ascribed to the Neo-Scholastic movement, he anticipates and so emerges as a forerunner of several themes which will be developed during the Second Vatican Council. In light of Passaglia?s two most relevant theological works ( De Ecclesia Christi and De Immaculato Deiparae semper Virginis Conceptu ), Rossi convincingly shows the originality of Passaglia?s theology, based on a patristic ressourcement highlighting its historical salvific and sacramental dimension. 410 0$aBrill's studies in Catholic theology ;$vVolume 8. 606 $aChurch$xHistory of doctrines 606 $aTheology, Doctrinal$xHistory$y19th century 606 $aTheology, Doctrinal$zItaly$xHistory$y19th century 615 0$aChurch$xHistory of doctrines. 615 0$aTheology, Doctrinal$xHistory 615 0$aTheology, Doctrinal$xHistory 676 $a262.009 700 $aRossi$b Valfredo Maria$01620336 801 0$bMiAaPQ 801 1$bMiAaPQ 801 2$bMiAaPQ 906 $aBOOK 912 $a9910828200103321 996 $aCarlo Passaglia on church and virgin$93953041 997 $aUNINA